Statistics for Footballers by Career - Tottenham Hotspur

Click here to take the quiz!

General Stats

  • This quiz has been taken 302 times
  • The average score is 6 of 10

Answer Stats

Player% Correct
Jan Vertonghen
84%
Robbie Keane
83%
Dimitar Berbatov
80%
Erik Lamela
69%
Jermain Defoe
68%
David Ginola
51%
Teddy Sheringham
47%
Benoît Assou-Ekotto
40%
Nacer Chadli
36%
Roman Pavlyuchenko
32%

Score Distribution

Percentile by Number Answered

Percent of People with Each Score

Your Score History

You have not taken this quiz